[Event "Robin Girard mem"]
[Site "Quebec CAN"]
[Date "2007.09.02"]
[Round "3"]
[White "Caron, Sebastien"]
[Black "St Amand, Paul Jr"]
[Result "1/2-1/2"]
[WhiteElo "1913"]
[BlackElo "2100"]
[PlyCount "50"]
[GameId "2160767910579780"]
[EventDate "2007.09.01"]
[EventType "swiss"]
[EventRounds "5"]
[EventCountry "CAN"]
[SourceTitle "EXT 2022"]
[Source "ChessBase"]
[SourceDate "2021.10.06"]
[SourceVersion "1"]
[SourceVersionDate "2021.10.06"]
[SourceQuality "1"]

1. e4 c5 2. Nf3 d6 3. d4 cxd4 4. Nxd4 Nf6 5. Nc3 a6 6. Bg5 e6 7. f4 Be7 8. Qf3 Qc7 9. O-O-O Nbd7 10. Bd3 Nc5 11. Kb1 O-O 12. Rhe1 Nxd3 13. cxd3 b5 14. Rc1 Qb7 15. e5 dxe5 16. fxe5 Nd5 17. Bxe7 Nxe7 18. Ne4 Nd5 19. Nd6 Qe7 20. Nc6 Qd7 21. Nb4 Bb7 22. Nxb7 Nxb4 23. Nc5 Qd5 24. Qxd5 Nxd5 25. d4 Rfd8 1/2-1/2

[Event "Robin Girard mem"]
[Site "Quebec CAN"]
[Date "2007.09.01"]
[Round "4"]
[White "Tremblay, Rejean"]
[Black "Caron, Sebastien"]
[Result "1-0"]
[WhiteElo "2253"]
[BlackElo "1913"]
[PlyCount "113"]
[GameId "2160767910579781"]
[EventDate "2007.09.01"]
[EventType "swiss"]
[EventRounds "5"]
[EventCountry "CAN"]
[SourceTitle "EXT 2022"]
[Source "ChessBase"]
[SourceDate "2021.10.06"]
[SourceVersion "1"]
[SourceVersionDate "2021.10.06"]
[SourceQuality "1"]

1. d4 Nf6 2. c4 c5 3. d5 e6 4. Nc3 exd5 5. cxd5 d6 6. g3 g6 7. Bg2 Bg7 8. Nf3 O-O 9. O-O Re8 10. h3 a6 11. a4 b6 12. Nd2 Ra7 13. Nc4 Rb7 14. Bf4 Bf8 15. Na3 Nh5 16. Bd2 f5 17. e3 Nf6 18. f4 Rbe7 19. Rb1 Bg7 20. Re1 Qc7 21. Kh2 Nbd7 22. Nc4 h5 23. Qc2 Nf8 24. Qb3 N8d7 25. Qa2 Kh7 26. Rec1 Ne4 27. Nxe4 fxe4 28. b4 b5 29. axb5 axb5 30. Na3 Qa7 31. Rc2 cxb4 32. Nxb5 Qxa2 33. Rxa2 Nf6 34. Nxd6 Rd8 35. Nxc8 Rxc8 36. Rxb4 Nxd5 37. Rxe4 Rec7 38. Re6 Rc2 39. Rxc2 Rxc2 40. e4 Rxd2 41. exd5 Bd4 42. h4 Rd1 43. Be4 Rd2+ 44. Kh3 Bg1 45. Bxg6+ Kg7 46. Bxh5 Rxd5 47. Bf3 Rd3 48. Be4 Re3 49. Kg2 Re1 50. h5 Bd4 51. h6+ Kf7 52. f5 Re2+ 53. Kh3 Be3 54. Bd3 Re1 55. h7 Rh1+ 56. Kg2 Rg1+ 57. Kh2 1-0

[Event "Robin Girard mem"]
[Site "Quebec CAN"]
[Date "2007.09.03"]
[Round "4"]
[White "Audet-Bouchard, Nicolas"]
[Black "Caire, Francois"]
[Result "1/2-1/2"]
[WhiteElo "2134"]
[BlackElo "2223"]
[PlyCount "59"]
[GameId "2160767910579782"]
[EventDate "2007.09.01"]
[EventType "swiss"]
[EventRounds "5"]
[EventCountry "CAN"]
[SourceTitle "EXT 2022"]
[Source "ChessBase"]
[SourceDate "2021.10.06"]
[SourceVersion "1"]
[SourceVersionDate "2021.10.06"]
[SourceQuality "1"]

1. e4 c5 2. Nf3 e6 3. d4 cxd4 4. Nxd4 Bc5 5. Nb3 Bb6 6. Be2 Ne7 7. Nc3 Nbc6 8. Bg5 O-O 9. O-O d5 10. exd5 exd5 11. Bf3 Be6 12. Na4 Bc7 13. Nac5 b6 14. Nxe6 fxe6 15. g3 h6 16. Bxe7 Qxe7 17. Bg2 Rad8 18. f4 Qd6 19. Qe2 Rfe8 20. Rad1 Na5 21. Nd4 e5 22. fxe5 Rxe5 23. Qg4 Nc4 24. Nf5 Rxf5 25. Qxf5 Ne3 26. Qd3 Nxd1 27. Rxd1 d4 28. c3 Qe6 29. c4 Qe3+ 30. Qxe3 1/2-1/2

[Event "Robin Girard mem"]
[Site "Quebec CAN"]
[Date "2007.09.03"]
[Round "5"]
[White "Auger, Bertrand"]
[Black "Drolet, Stephane"]
[Result "0-1"]
[WhiteElo "2024"]
[BlackElo "2132"]
[PlyCount "78"]
[GameId "2160767910579783"]
[EventDate "2007.09.01"]
[EventType "swiss"]
[EventRounds "5"]
[EventCountry "CAN"]
[SourceTitle "EXT 2022"]
[Source "ChessBase"]
[SourceDate "2021.10.06"]
[SourceVersion "1"]
[SourceVersionDate "2021.10.06"]
[SourceQuality "1"]

1. Nf3 c5 2. g3 Nc6 3. Bg2 g6 4. O-O Bg7 5. c4 e5 6. Nc3 Nge7 7. d3 O-O 8. a3 d6 9. Rb1 a5 10. b3 h6 11. Bb2 Be6 12. Nd2 d5 13. cxd5 Nxd5 14. Nc4 Rb8 15. Nb5 Nd4 16. Ncd6 Nxb5 17. Nxb5 Qd7 18. a4 h5 19. Qd2 b6 20. h4 Bh3 21. f4 Bxg2 22. Kxg2 exf4 23. Rf3 Ne3+ 24. Kf2 Ng4+ 25. Kg2 Bxb2 26. Qxb2 Ne3+ 27. Kf2 Qh3 28. gxf4 Qg2+ 29. Ke1 Nf5 30. Qf6 Rfe8 31. Rf2 Qg1+ 32. Rf1 Qe3 33. Rf2 Rbd8 34. Rg2 Qxd3 35. Rb2 Qd5 36. Qg5 Ne3 37. Qxd5 Rxd5 38. Rg3 Rd1+ 39. Kf2 Rf1# 0-1

[Event "Robin Girard mem"]
[Site "Quebec CAN"]
[Date "2007.09.03"]
[Round "5"]
[White "Caire, Francois"]
[Black "Tremblay, Rejean"]
[Result "0-1"]
[WhiteElo "2223"]
[BlackElo "2253"]
[PlyCount "88"]
[GameId "2160767910579784"]
[EventDate "2007.09.01"]
[EventType "swiss"]
[EventRounds "5"]
[EventCountry "CAN"]
[SourceTitle "EXT 2022"]
[Source "ChessBase"]
[SourceDate "2021.10.06"]
[SourceVersion "1"]
[SourceVersionDate "2021.10.06"]
[SourceQuality "1"]

1. d4 Nf6 2. c4 g6 3. Nc3 Bg7 4. e4 d6 5. Nf3 O-O 6. Be2 e5 7. O-O Nc6 8. d5 Ne7 9. Ne1 Nd7 10. Be3 f5 11. f3 Kh8 12. Nd3 Nf6 13. Rc1 Neg8 14. Qd2 Rf7 15. c5 Qf8 16. b4 Bh6 17. Nb2 Bxe3+ 18. Qxe3 f4 19. Qf2 g5 20. cxd6 cxd6 21. Nb5 b6 22. Nc4 Ne8 23. Nbxd6 Nxd6 24. Nxe5 Rg7 25. Nc6 g4 26. Qd4 g3 27. Bd3 Qf7 28. h3 Qh5 29. Rc2 Nf7 30. e5 Bxh3 31. gxh3 Ng5 32. e6 Nxh3+ 33. Kg2 Ng5 34. Kg1 Rf8 35. Ne5 Nh3+ 36. Kg2 Nf2 37. Rfxf2 Qh2+ 38. Kf1 Qh1+ 39. Ke2 gxf2 40. Ng6+ hxg6 41. Kxf2 Qh4+ 42. Kf1 Nf6 43. Rg2 Rc8 44. Qb2 Qh1+ 0-1

[Event "Robin Girard mem"]
[Site "Quebec CAN"]
[Date "2007.09.03"]
[Round "5"]
[White "Dorion, Francois"]
[Black "Audet-Bouchard, Nicolas"]
[Result "0-1"]
[WhiteElo "1742"]
[BlackElo "2134"]
[PlyCount "111"]
[GameId "2160767910579785"]
[EventDate "2007.09.01"]
[EventType "swiss"]
[EventRounds "5"]
[EventCountry "CAN"]
[SourceTitle "EXT 2022"]
[Source "ChessBase"]
[SourceDate "2021.10.06"]
[SourceVersion "1"]
[SourceVersionDate "2021.10.06"]
[SourceQuality "1"]

1. c4 b6 2. Nf3 Bb7 3. g3 Bxf3 4. exf3 c5 5. Bg2 Nc6 6. O-O g6 7. Nc3 Bg7 8. d3 Nf6 9. f4 O-O 10. g4 Rc8 11. f5 gxf5 12. gxf5 Nd4 13. Be4 e6 14. fxe6 Nxe4 15. Nxe4 fxe6 16. Qg4 d5 17. Bg5 Qc7 18. Ng3 Nf3+ 19. Kh1 Nxg5 20. Qxg5 Qf4 21. Qxg7+ Kxg7 22. Nh5+ Kg6 23. Nxf4+ Rxf4 24. Rae1 Kf6 25. b3 Rd4 26. Re3 dxc4 27. dxc4 Rd2 28. Rfe1 Re8 29. Rf3+ Ke7 30. Rfe3 Kd6 31. R3e2 Rxe2 32. Rxe2 Rg8 33. f4 Rg4 34. Rd2+ Ke7 35. Rf2 Kf6 36. h3 Rg7 37. Kh2 Kf5 38. Re2 Rg6 39. Rd2 Kxf4 40. Rd7 h6 41. Rxa7 e5 42. Rf7+ Ke3 43. Re7 e4 44. a3 Kd3 45. Rd7+ Kc2 46. b4 e3 47. bxc5 bxc5 48. Rd5 Ra6 49. Rxc5 Rxa3 50. Kg3 Kd2 51. Rd5+ Rd3 52. Re5 Rd8 53. c5 e2 54. Kh4 e1=Q+ 55. Rxe1 Kxe1 56. Kh5 0-1

[Event "Rodgers mem"]
[Site "Ottawa CAN"]
[Date "2007.10.25"]
[Round "5"]
[White "Gordon, David"]
[Black "Szalay, Karoly"]
[Result "0-1"]
[WhiteElo "2272"]
[BlackElo "2184"]
[PlyCount "60"]
[GameId "2160767910579085"]
[EventDate "2007.09.27"]
[EventType "swiss"]
[EventRounds "7"]
[EventCountry "CAN"]

1. d4 d5 2. Bg5 c5 3. Nc3 f6 4. Bf4 cxd4 5. Qxd4 e5 6. Bxe5 Nc6 7. Qxd5 fxe5 8. Nf3 Bg4 9. O-O-O Qxd5 10. Nxd5 Rc8 11. e4 Bxf3 12. gxf3 Nd4 13. f4 Rxc2+ 14. Kb1 Rxf2 15. fxe5 Nc6 16. Nc7+ Ke7 17. Bh3 Nxe5 18. Rd5 Nc6 19. e5 Kf7 20. Be6+ Kg6 21. Rg1+ Kh6 22. Rd3 g5 23. h4 Nxe5 24. Rd5 Bg7 25. Ne8 Ne7 26. hxg5+ Kg6 27. Rd8 N5c6 28. Rd6 Be5 29. Bf7+ Kxf7 30. g6+ hxg6 0-1

[Event "Rodgers mem"]
[Site "Ottawa CAN"]
[Date "2007.11.01"]
[Round "6"]
[White "Van Dusen, Eric"]
[Black "Gordon, David"]
[Result "1-0"]
[WhiteElo "1906"]
[BlackElo "2291"]
[PlyCount "115"]
[GameId "2160767910579086"]
[EventDate "2007.09.27"]
[EventType "swiss"]
[EventRounds "7"]
[EventCountry "CAN"]

1. d4 f5 2. Nc3 d5 3. Bf4 c6 4. e3 Nf6 5. Bd3 e6 6. Nf3 Be7 7. O-O O-O 8. Ne2 Ne4 9. Ne5 Nd7 10. c4 g5 11. Nxd7 Bxd7 12. Be5 Bf6 13. Bxf6 Qxf6 14. f3 Nd6 15. c5 Nf7 16. Qc2 Qg7 17. Rae1 Nh8 18. e4 f4 19. exd5 exd5 20. Kh1 Rae8 21. Nc1 Qxd4 22. Bxh7+ Kg7 23. Nb3 Qb4 24. Rd1 Rf6 25. Rd4 Qe1 26. Kg1 Qe3+ 27. Kh1 Rh6 28. Bf5 Qe1 29. Rd1 Qg3 30. h3 Bxf5 31. Qxf5 Re2 32. Rg1 Nf7 33. Nd4 Re5 34. Qxe5+ Nxe5 35. Nf5+ Kf6 36. Nxg3 fxg3 37. Rge1 g4 38. fxg4 Nxg4 39. Kg1 Nf2 40. Rf1 Ke5 41. Rxf2 gxf2+ 42. Kxf2 Rh4 43. Rc1 Rf4+ 44. Kg3 a5 45. Rc3 a4 46. h4 Rb4 47. Rc2 Kf5 48. Kh3 Rc4 49. Rxc4 dxc4 50. a3 Ke4 51. h5 Kd3 52. h6 Kc2 53. h7 Kxb2 54. h8=Q+ c3 55. Qd4 Kxa3 56. Qxc3+ Ka2 57. Qb4 a3 58. g4 1-0

[Event "Roger Roy mem"]
[Site "Gatineau CAN"]
[Date "2007.10.16"]
[Round "1"]
[White "Berthiaume, Patrick"]
[Black "Ralchenko, Maxim"]
[Result "0-1"]
[WhiteElo "1038"]
[BlackElo "1538"]
[PlyCount "104"]
[GameId "2160767910578782"]
[EventDate "2007.10.16"]
[EventType "swiss"]
[EventRounds "5"]
[EventCountry "CAN"]
[SourceTitle "EXT 2022"]
[Source "ChessBase"]
[SourceDate "2021.10.06"]
[SourceVersion "1"]
[SourceVersionDate "2021.10.06"]
[SourceQuality "1"]

1. e4 c5 2. Nc3 e6 3. Bc4 d6 4. Nf3 Be7 5. O-O Nc6 6. d3 Nf6 7. Be3 d5 8. Bb5 d4 9. Bxc6+ bxc6 10. Ne5 Bb7 11. Bg5 dxc3 12. bxc3 Nd7 13. Bxe7 Qxe7 14. Nf3 O-O 15. Qd2 Rfd8 16. d4 cxd4 17. Nxd4 c5 18. Nb3 Bxe4 19. Qe3 Bxc2 20. Rac1 Bxb3 21. axb3 Nb6 22. Qf3 Rab8 23. h3 Qb7 24. Qe3 c4 25. b4 Rd3 26. Qe2 Rbd8 27. Rcd1 Rxd1 28. Rxd1 Rxd1+ 29. Qxd1 Qd5 30. Qe1 h6 31. f3 Qd3 32. Qa1 Qe3+ 33. Kh2 Nd5 34. Qa5 Qe5+ 35. Kg1 Qc7 36. Qa1 Qb6+ 37. Kh2 Nf4 38. Kg3 Ne2+ 39. Kh2 Qf2 40. b5 Nf4 41. Qh1 Qc2 42. Kg3 Ne2+ 43. Kh2 Nxc3 44. Qg1 Nxb5 45. Qc5 Qb3 46. Qc8+ Kh7 47. Qf8 c3 48. Qxf7 c2 49. Qf4 Qd3 50. Kg3 Qd6 51. Qxd6 Nxd6 52. Kf2 c1=Q 0-1

[Event "Roger Roy mem"]
[Site "Gatineau CAN"]
[Date "2007.10.16"]
[Round "1"]
[White "Berthiaume, Serge"]
[Black "Guimond, Michel"]
[Result "0-1"]
[WhiteElo "1323"]
[BlackElo "1821"]
[PlyCount "48"]
[GameId "2160767910578783"]
[EventDate "2007.10.16"]
[EventType "swiss"]
[EventRounds "5"]
[EventCountry "CAN"]
[SourceTitle "EXT 2022"]
[Source "ChessBase"]
[SourceDate "2021.10.06"]
[SourceVersion "1"]
[SourceVersionDate "2021.10.06"]
[SourceQuality "1"]

1. d4 g6 2. e4 Bg7 3. Nf3 d6 4. c4 Nd7 5. Nc3 c6 6. Bd3 e5 7. d5 c5 8. Nb5 Nb6 9. Be3 Nh6 10. h3 f6 11. Qd2 Nf7 12. O-O-O O-O 13. g4 Nxc4 14. Bxc4 a6 15. Nc3 b5 16. Bd3 Qa5 17. Bb1 b4 18. Ne2 Bd7 19. Rdg1 c4 20. Kd1 Rfc8 21. Ke1 c3 22. Qc2 b3 23. axb3 cxb2+ 24. Qd2 Rc1+ 0-1

[Event "Roger Roy mem"]
[Site "Gatineau CAN"]
[Date "2007.10.16"]
[Round "1"]
[White "Blouin, Francois"]
[Black "Duret, Serge"]
[Result "1-0"]
[WhiteElo "1542"]
[BlackElo "1062"]
[PlyCount "55"]
[GameId "2160767910578784"]
[EventDate "2007.10.16"]
[EventType "swiss"]
[EventRounds "5"]
[EventCountry "CAN"]
[SourceTitle "EXT 2022"]
[Source "ChessBase"]
[SourceDate "2021.10.06"]
[SourceVersion "1"]
[SourceVersionDate "2021.10.06"]
[SourceQuality "1"]

1. e4 e5 2. Nf3 Nc6 3. Bb5 a6 4. Bxc6 dxc6 5. d4 exd4 6. Qxd4 Qxd4 7. Nxd4 Bc5 8. Be3 Nf6 9. f3 O-O 10. O-O Rd8 11. c3 Be6 12. Nd2 Bb6 13. Rfd1 Rd7 14. Kf2 Rad8 15. Ke2 c5 16. Nxe6 fxe6 17. Nc4 Ba7 18. Rxd7 Rxd7 19. Rd1 b5 20. Ne5 Rxd1 21. Kxd1 a5 22. a3 h5 23. b4 axb4 24. axb4 Bb8 25. Nc6 Nd7 26. bxc5 e5 27. Kc2 Kf7 28. Kb3 1-0

[Event "Roger Roy mem"]
[Site "Gatineau CAN"]
[Date "2007.10.16"]
[Round "1"]
[White "Danilov, Alex"]
[Black "Kennedy, Phillip"]
[Result "1-0"]
[WhiteElo "1920"]
[BlackElo "1399"]
[PlyCount "85"]
[GameId "2160767910578786"]
[EventDate "2007.10.16"]
[EventType "swiss"]
[EventRounds "5"]
[EventCountry "CAN"]

1. e4 e5 2. f4 d6 3. Nf3 Nf6 4. Nc3 Be7 5. Bc4 c6 6. O-O d5 7. exd5 cxd5 8. Bb5+ Bd7 9. Bxd7+ Nbxd7 10. fxe5 Ng4 11. d4 Nb6 12. h3 Nh6 13. Nh2 Nf5 14. Rxf5 g6 15. Rf1 h5 16. Qe2 a6 17. Bf4 g5 18. Bg3 h4 19. Bf2 Qd7 20. Qg4 O-O-O 21. Qxd7+ Rxd7 22. Nd1 Nc4 23. Be1 Bd8 24. c3 Bb6 25. b3 Nxe5 26. Rf6 Nc6 27. Bd2 Rg8 28. Ne3 Bd8 29. Rf5 Ne7 30. Rxf7 Bc7 31. Nhg4 Ng6 32. Rxd7 Kxd7 33. Nf6+ Ke6 34. Nxg8 Nf4 35. Ng4 Ne2+ 36. Kf2 Ng3 37. Re1+ Ne4+ 38. Rxe4+ dxe4 39. Bxg5 Bg3+ 40. Ke3 Kf5 41. Bh6 b6 42. d5 b5 43. Ne7# 1-0

[Event "Roger Roy mem"]
[Site "Gatineau CAN"]
[Date "2007.10.16"]
[Round "1"]
[White "Forget, David"]
[Black "Sabourin, Yves"]
[Result "1-0"]
[WhiteElo "1884"]
[BlackElo "1345"]
[PlyCount "61"]
[GameId "2160767910578787"]
[EventDate "2007.10.16"]
[EventType "swiss"]
[EventRounds "5"]
[EventCountry "CAN"]
[SourceTitle "EXT 2022"]
[Source "ChessBase"]
[SourceDate "2021.10.06"]
[SourceVersion "1"]
[SourceVersionDate "2021.10.06"]
[SourceQuality "1"]

1. d4 d5 2. c4 e6 3. Nc3 Nf6 4. cxd5 exd5 5. Bg5 Be7 6. e3 O-O 7. Bd3 Re8 8. Nf3 Be6 9. O-O Nbd7 10. Rb1 b6 11. b4 c6 12. Ba6 c5 13. bxc5 bxc5 14. Bb7 Rb8 15. Bf4 Nb6 16. Bxb8 Qxb8 17. Ba6 c4 18. Ne5 Bd6 19. f4 Bxe5 20. fxe5 Nfd7 21. Nb5 Qd8 22. Nd6 Rf8 23. Bb5 Nc8 24. Bxd7 Nxd6 25. Bxe6 fxe6 26. Rxf8+ Kxf8 27. exd6 Qxd6 28. Qf3+ Ke7 29. Rb7+ Kd8 30. Rxa7 c3 31. Qf7 1-0

[Event "Roger Roy mem"]
[Site "Gatineau CAN"]
[Date "2007.10.16"]
[Round "1"]
[White "Lacourse, Guy"]
[Black "Carrier, Simon"]
[Result "1-0"]
[WhiteElo "1608"]
[BlackElo "1178"]
[PlyCount "107"]
[GameId "2160767910578788"]
[EventDate "2007.10.16"]
[EventType "swiss"]
[EventRounds "5"]
[EventCountry "CAN"]
[SourceTitle "EXT 2022"]
[Source "ChessBase"]
[SourceDate "2021.10.06"]
[SourceVersion "1"]
[SourceVersionDate "2021.10.06"]
[SourceQuality "1"]

1. c4 e5 2. Nc3 g6 3. g3 Bg7 4. Bg2 Nf6 5. e4 c6 6. Nge2 Na6 7. h4 O-O 8. d3 d6 9. f3 Be6 10. Be3 Qd7 11. Qd2 b5 12. cxb5 cxb5 13. b3 Rad8 14. O-O b4 15. Na4 d5 16. Bc5 Nxc5 17. Nxc5 Qc6 18. Nxe6 Qxe6 19. Qxb4 dxe4 20. dxe4 Bh6 21. Rfd1 Rxd1+ 22. Rxd1 Qa6 23. Nc3 Nh5 24. Kh2 g5 25. Rd6 gxh4 26. Rxa6 hxg3+ 27. Kh3 Nf4+ 28. Kxg3 Kh8 29. Qxf8+ Bxf8 30. Rxa7 Kg7 31. Bf1 Bc5 32. Rb7 Kg6 33. Nd5 Nh5+ 34. Kg4 Ng7 35. Ne7+ Kf6 36. Ng8+ Kg6 37. Bc4 h5+ 38. Kh4 Bf2+ 39. Kh3 h4 40. Kg4 Ne6 41. Bxe6 fxe6 42. Ne7+ Kh6 43. Nc6 Bg3 44. a4 h3 45. Kxg3 h2 46. Kxh2 Kg5 47. Kg3 Kf6 48. a5 Kg6 49. a6 Kf6 50. a7 Kg6 51. a8=Q Kf6 52. Qf8+ Kg6 53. Rg7+ Kh6 54. Qh8# 1-0

[Event "Roger Roy mem"]
[Site "Gatineau CAN"]
[Date "2007.10.16"]
[Round "1"]
[White "Laurin, Jacques"]
[Black "MacIsaac, Alexandre"]
[Result "1-0"]
[WhiteElo "1790"]
[BlackElo "1305"]
[PlyCount "77"]
[GameId "2160767910578789"]
[EventDate "2007.10.16"]
[EventType "swiss"]
[EventRounds "5"]
[EventCountry "CAN"]
[SourceTitle "EXT 2022"]
[Source "ChessBase"]
[SourceDate "2021.10.06"]
[SourceVersion "1"]
[SourceVersionDate "2021.10.06"]
[SourceQuality "1"]

1. c4 e5 2. g3 Nf6 3. Bg2 d5 4. cxd5 Nxd5 5. Nc3 Nxc3 6. bxc3 Nc6 7. Rb1 Bc5 8. Qa4 Qf6 9. e3 O-O 10. Qc4 Bb6 11. Ne2 Be6 12. Qa4 Bf5 13. Rb2 Bd7 14. Qc2 Rfe8 15. O-O Re6 16. f4 exf4 17. Nxf4 Re5 18. d4 Re7 19. Nd5 Qxf1+ 20. Kxf1 Re6 21. Bh3 Rd6 22. Bxd7 Rxd7 23. Nxb6 axb6 24. e4 Re8 25. Bf4 Rde7 26. e5 f6 27. Qb3+ Kh8 28. exf6 Re1+ 29. Kf2 Rh1 30. g4 Ree1 31. f7 Rhf1+ 32. Kg3 Rxf4 33. Kxf4 Rf1+ 34. Kg3 h6 35. Rf2 Rxf2 36. Kxf2 Nxd4 37. f8=Q+ Kh7 38. Qbg8+ Kg6 39. Qgxg7# 1-0

[Event "Roger Roy mem"]
[Site "Gatineau CAN"]
[Date "2007.10.16"]
[Round "1"]
[White "Lemieux, Richard"]
[Black "Jiang, Qizhe"]
[Result "1-0"]
[WhiteElo "1533"]
[BlackElo "920"]
[PlyCount "101"]
[GameId "2160767910578790"]
[EventDate "2007.10.16"]
[EventType "swiss"]
[EventRounds "5"]
[EventCountry "CAN"]
[SourceTitle "EXT 2022"]
[Source "ChessBase"]
[SourceDate "2021.10.06"]
[SourceVersion "1"]
[SourceVersionDate "2021.10.06"]
[SourceQuality "1"]

1. e4 e5 2. Bc4 Nf6 3. d4 d5 4. dxe5 dxc4 5. Qxd8+ Kxd8 6. exf6 gxf6 7. Nf3 Nc6 8. O-O Bd6 9. Nc3 a6 10. Rd1 Bd7 11. h3 Be5 12. Nd5 Rc8 13. c3 Ke8 14. Be3 Be6 15. Bc5 Bd6 16. Bxd6 cxd6 17. Nxf6+ Ke7 18. Nd5+ Ke8 19. Nf4 Rd8 20. Rd2 Ke7 21. Rad1 Rd7 22. Nd5+ Bxd5 23. Rxd5 Rhd8 24. Kf1 Ne5 25. Nxe5 dxe5 26. Rxe5+ Kf6 27. Rf5+ Kg7 28. Rxd7 Rxd7 29. Rd5 Re7 30. f3 Re6 31. Ke2 Rb6 32. Rd2 Rg6 33. Ke3 b5 34. e5 Rb6 35. Rd6 Rb7 36. Rxa6 b4 37. Kd4 bxc3 38. Kxc3 Re7 39. f4 Rd7 40. Rd6 Ra7 41. a3 Rb7 42. g4 Rb3+ 43. Kxc4 Rxb2 44. a4 Ra2 45. Kb5 Ra3 46. Rd4 Rxh3 47. a5 Rh4 48. g5 h6 49. gxh6+ Kxh6 50. a6 Kg6 51. f5+ 1-0

[Event "Roger Roy mem"]
[Site "Gatineau CAN"]
[Date "2007.10.16"]
[Round "1"]
[White "Levesque, Andre"]
[Black "Brousseau, Yvan"]
[Result "0-1"]
[WhiteElo "1460"]
[BlackElo "2055"]
[PlyCount "90"]
[GameId "2160767910578791"]
[EventDate "2007.10.16"]
[EventType "swiss"]
[EventRounds "5"]
[EventCountry "CAN"]
[SourceTitle "EXT 2022"]
[Source "ChessBase"]
[SourceDate "2021.10.06"]
[SourceVersion "1"]
[SourceVersionDate "2021.10.06"]
[SourceQuality "1"]

1. e4 b6 2. d4 Bb7 3. Nc3 e6 4. Nf3 Bb4 5. e5 d6 6. Bd2 dxe5 7. a3 Bxc3 8. Bxc3 e4 9. Nd2 Nf6 10. b4 O-O 11. Bb2 Nbd7 12. c4 c5 13. bxc5 bxc5 14. Be2 Rb8 15. Rb1 Qc7 16. O-O Rfd8 17. Nb3 cxd4 18. Nxd4 Nc5 19. Qe1 a6 20. Nc2 Nd3 21. Bxd3 exd3 22. Be5 Qc6 23. f3 dxc2 24. Rc1 Rbc8 25. Bxf6 gxf6 26. Qg3+ Kf8 27. Qf4 Qc5+ 28. Kh1 Qg5 29. Qxg5 fxg5 30. Rxc2 Rc5 31. Rb1 Rd4 32. Kg1 Bc6 33. Rbc1 a5 34. Rc3 Bb7 35. Rb1 Ba6 36. Rcb3 Rdxc4 37. Rb8+ Kg7 38. Ra8 Rc6 39. Rbb8 Rc1+ 40. Kf2 R1c2+ 41. Kg3 Bf1 42. Rg8+ Kf6 43. Rxg5 Kxg5 44. h4+ Kf5 45. Rxa5+ e5 0-1

[Event "Roger Roy mem"]
[Site "Gatineau CAN"]
[Date "2007.10.16"]
[Round "1"]
[White "Maisonneuve, Paul"]
[Black "Desjardins, Michel"]
[Result "0-1"]
[WhiteElo "1377"]
[BlackElo "1902"]
[PlyCount "58"]
[GameId "2160767910578792"]
[EventDate "2007.10.16"]
[EventType "swiss"]
[EventRounds "5"]
[EventCountry "CAN"]
[SourceTitle "EXT 2022"]
[Source "ChessBase"]
[SourceDate "2021.10.06"]
[SourceVersion "1"]
[SourceVersionDate "2021.10.06"]
[SourceQuality "1"]

1. d4 d5 2. Bf4 Bf5 3. e3 e6 4. Nf3 Bd6 5. Bg3 Nf6 6. Nbd2 O-O 7. Ne5 c5 8. c3 Nc6 9. f4 Qb6 10. Qb3 Qc7 11. Be2 c4 12. Qd1 b5 13. O-O b4 14. Qc1 a5 15. b3 bxc3 16. Qxc3 Bb4 17. Qc1 c3 18. Ndf3 Nxe5 19. Nxe5 Ne4 20. Be1 f6 21. Nf3 Rfc8 22. Bd1 c2 23. Be2 Ba3 24. Qxa3 c1=Q 25. Rxc1 Qxc1 26. Qxc1 Rxc1 27. Nh4 Nd6 28. g4 Be4 29. Bf3 Bd3 0-1

[Event "Roger Roy mem"]
[Site "Gatineau CAN"]
[Date "2007.10.16"]
[Round "1"]
[White "Rainey, Ivan"]
[Black "Thibault, Mario"]
[Result "0-1"]
[WhiteElo "1211"]
[BlackElo "1654"]
[PlyCount "60"]
[GameId "2160767910578793"]
[EventDate "2007.10.16"]
[EventType "swiss"]
[EventRounds "5"]
[EventCountry "CAN"]
[SourceTitle "EXT 2022"]
[Source "ChessBase"]
[SourceDate "2021.10.06"]
[SourceVersion "1"]
[SourceVersionDate "2021.10.06"]
[SourceQuality "1"]

1. e4 c5 2. Nf3 g6 3. d4 cxd4 4. Nxd4 Nc6 5. Nc3 Bg7 6. Nb3 Nf6 7. Bd3 O-O 8. O-O a5 9. Bf4 a4 10. Nc5 a3 11. bxa3 Nh5 12. Bd2 d6 13. Nb3 Be6 14. Rb1 Rxa3 15. Nc1 Bxc3 16. Bxc3 Rxc3 17. Ne2 Ra3 18. Rxb7 Qa8 19. Qb1 Rxa2 20. Rb6 Rc8 21. Nc3 Ra5 22. Qb2 Rb8 23. Rxb8+ Qxb8 24. Qxb8+ Nxb8 25. h3 Nc6 26. Rb1 Kg7 27. Nb5 Nf6 28. f4 Ra4 29. e5 dxe5 30. fxe5 Nxe5 0-1

[Event "Roger Roy mem"]
[Site "Gatineau CAN"]
[Date "2007.10.16"]
[Round "1"]
[White "Sunatori, Evelyne"]
[Black "Pilon, Robert"]
[Result "0-1"]
[WhiteElo "1128"]
[BlackElo "1575"]
[PlyCount "114"]
[GameId "2160767910578795"]
[EventDate "2007.10.16"]
[EventType "swiss"]
[EventRounds "5"]
[EventCountry "CAN"]
[SourceTitle "EXT 2022"]
[Source "ChessBase"]
[SourceDate "2021.10.06"]
[SourceVersion "1"]
[SourceVersionDate "2021.10.06"]
[SourceQuality "1"]

1. e4 e5 2. Nf3 Nc6 3. Bc4 Nf6 4. Nc3 Nxe4 5. Bb5 Nxc3 6. bxc3 d6 7. d4 Bd7 8. Bxc6 Bxc6 9. dxe5 dxe5 10. O-O Bd6 11. h3 O-O 12. Re1 Re8 13. c4 b6 14. Bb2 Qf6 15. Re3 Bxf3 16. Qxf3 Qxf3 17. Rxf3 e4 18. Re3 Re7 19. Rae1 Rae8 20. f3 exf3 21. Rxe7 Bc5+ 22. Kf1 fxg2+ 23. Kxg2 Rxe7 24. Rd1 h6 25. Rd3 Re2+ 26. Kf1 Rxc2 27. Bd4 Rxc4 28. Bxc5 Rxc5 29. Rd8+ Kh7 30. Rd7 Kg6 31. Kg2 Rc2+ 32. Kg3 Rxa2 33. Rxc7 f6 34. Rd7 a5 35. Kg4 h5+ 36. Kf4 a4 37. Ke3 Ra3+ 38. Kd2 Rxh3 39. Kc1 Re3 40. Kb1 b5 41. Rb7 Re5 42. Ka2 h4 43. Rd7 f5 44. Rd4 Re4 45. Rd5 b4 46. Rd6+ Kg5 47. Ra6 b3+ 48. Ka3 h3 49. Ra7 g6 50. Rh7 Kg4 51. Rh6 g5 52. Rh8 Kg3 53. Rh5 Rg4 54. Kb2 h2 55. Ka3 Kg2 56. Rh6 h1=Q 57. Rxh1 Kxh1 0-1

[Event "Roger Roy mem"]
[Site "Gatineau CAN"]
[Date "2007.10.23"]
[Round "2"]
[White "Brousseau, Yvan"]
[Black "Lacourse, Guy"]
[Result "1-0"]
[WhiteElo "2055"]
[BlackElo "1608"]
[PlyCount "51"]
[GameId "2160767910578796"]
[EventDate "2007.10.16"]
[EventType "swiss"]
[EventRounds "5"]
[EventCountry "CAN"]
[SourceTitle "EXT 2022"]
[Source "ChessBase"]
[SourceDate "2021.10.06"]
[SourceVersion "1"]
[SourceVersionDate "2021.10.06"]
[SourceQuality "1"]

1. b3 Nf6 2. Bb2 e6 3. Nf3 Be7 4. g3 O-O 5. Bg2 c5 6. O-O d6 7. d4 cxd4 8. Nxd4 e5 9. Nb5 a6 10. N5c3 Qc7 11. Nd5 Nxd5 12. Bxd5 Be6 13. Bg2 Nd7 14. c4 Rac8 15. Nc3 Nf6 16. Rc1 Rfd8 17. Qd2 g6 18. e4 Ne8 19. Nd5 Bxd5 20. Qxd5 Qb8 21. Bh3 Nc7 22. Qd2 Ne6 23. Bxe6 fxe6 24. f4 exf4 25. Qxf4 Qc7 26. Qf7# 1-0